|
|
|
|
| LEADER |
00000cas a2200000 a 4500 |
| 001 |
vtls001322088 |
| 003 |
SK-MaSNL |
| 005 |
20260228163954.0 |
| 008 |
160415d19971998xo ar 0 0 0slo |
| 015 |
|
|
|a SNBE1998/03-01619 (r. 1997)
|a SNBE1999/03-01554 (r. 1998)
|
| 020 |
|
|
|a 8096770950 (brož. : r. 1997)
|
| 020 |
|
|
|a 8096791397 (brož. : r. 1998)
|
| 035 |
|
|
|a SNK000274760
|
| 040 |
|
|
|a SNK
|b slo
|c SNK
|e AACR2
|
| 041 |
0 |
|
|a slo
|
| 044 |
|
|
|a xo
|c SK
|
| 072 |
|
7 |
|a 351
|x Úlohy verejnej správy, správne opatrenia. Legislatíva
|2 konspekt
|
| 080 |
|
|
|a (047.1)
|2 2011
|
| 080 |
|
|
|a (058)
|2 2011
|
| 080 |
|
|
|a 050
|2 2011
|
| 080 |
|
|
|a 351.74
|2 2011
|
| 245 |
0 |
0 |
|a Ročenka Okresného riaditeľstva Policajného zboru Košice ...
|
| 260 |
|
|
|a Košice
|b Okresné riaditeľstvo Policajného zboru
|c [1997-1998]
|
| 300 |
|
|
|a 2 zv.
|c 30 cm
|
| 310 |
|
|
|a 1x ročne
|
| 362 |
0 |
|
|a 1996-[1997]
|
| 500 |
|
|
|a Súčasťou názvu je označenie roku
|
| 650 |
0 |
7 |
|a polícia
|2 SNKPH
|9 1673
|
| 650 |
0 |
7 |
|a verejná bezpečnosť
|2 SNKPH
|9 1674
|
| 655 |
|
7 |
|a výročné správy
|2 SNKPH
|9 70580
|
| 655 |
|
7 |
|a ročenky
|2 SNKPH
|9 57146
|
| 710 |
0 |
|
|a Okresné riaditeľstvo Policajného zboru Košice
|4 pbl
|9 275043
|
| 780 |
0 |
0 |
|t Ročenka Mestského veliteľstva Policajného zboru Košice
|
| 910 |
|
|
|a snk
|
| 919 |
|
|
|a 80-967709-5-0
|
| 919 |
|
|
|a 80-967913-9-7
|
| 958 |
|
|
|a TL
|
| 999 |
|
|
|c 11705
|d 13635
|
| 952 |
|
|
|0 0
|1 0
|4 0
|7 0
|a SNK
|b SNK
|d 1998-02-25
|i snk335/980226
|l 0
|o snkB 78
|r 2005-01-02 00:00:00
|w 2026-02-21
|y NEVYP
|
| 952 |
|
|
|0 0
|1 0
|4 0
|7 0
|a SNK
|b SNK
|d 1998-02-25
|i snkKSP 1971/98
|l 0
|o snkČSB 4663/1996
|p 17A0125852
|r 2005-01-02 00:00:00
|w 2026-02-21
|y PREZ
|
| 952 |
|
|
|0 0
|1 0
|4 0
|7 0
|a SNK
|b SNK
|d 1998-02-25
|i snkKSP 1972/98
|l 0
|o snkČSB 4663/1996 D1
|p 17A0125851
|r 2005-01-02 00:00:00
|w 2026-02-21
|y PREZ
|
| 952 |
|
|
|0 0
|1 0
|4 0
|7 0
|a SNK
|b SNK
|d 1999-03-16
|i snkKSP 2848/99
|l 0
|o snkČSB 4663/1997
|p 17A0225187
|r 2005-01-02 00:00:00
|w 2026-02-21
|y PREZ
|
| 952 |
|
|
|0 0
|1 0
|4 0
|7 0
|a SNK
|b SNK
|d 1999-03-16
|i snkKSP 2849/99
|l 0
|o snkČSB 4663/1997 D1
|p 17A0185595
|r 2005-01-02 00:00:00
|w 2026-02-21
|y PREZ
|